THE MIDNIGHT GHOST (Record no. 8725)
[ view plain ]
| 000 -LEADER | |
|---|---|
| fixed length control field | 00270nam a22001217a 4500 |
| 082 ## - DEWEY DECIMAL CLASSIFICATION NUMBER | |
| Classification number | 823 |
| Item number | FIS/M |
| 100 ## - MAIN ENTRY--AUTHOR NAME | |
| Personal name | FISCHEL, EMMA |
| 245 ## - TITLE STATEMENT | |
| Title | THE MIDNIGHT GHOST |
| 246 ## - VARYING FORM OF TITLE | |
| Title proper/short title | THE MIDNIGHT GHOST |
| Remainder of title | THE MIDNIGHT GHOST |
| 300 ## - PHYSICAL DESCRIPTION | |
| Number of Pages | 64 |
| 650 ## - SUBJECT ADDED ENTRY--TOPICAL TERM | |
| Topical Term | ENGLISH FICTION |
| 942 ## - ADDED ENTRY ELEMENTS (KOHA) | |
| Koha item type | Books |
| Withdrawn status | Lost status | Collection code | Home library | Current library | Shelving location | Date acquired | Source of acquisition | Cost, normal purchase price | Full call number | Accession Number | Koha item type |
|---|---|---|---|---|---|---|---|---|---|---|---|
| Fiction | Main Library | Main Library | SHELF 4-A GOOSEBUMPS | 18/11/2006 | PURCHASED | 50.00 | 823 FIS/M | 02494 | Books |